Pays de l'Empire néerlandais - Statistiques

Statistiques générales
  • Ce quiz a été pris 12 357 fois
  • Le résultat moyen est 12 sur 15
Réponses sur la Carte
Les réponses sont colorées sur une échelle allant du rouge au vert en fonction du pourcentage des utilisateurs qui les ont devinées à leur premier essai. Vous pouvez retrouver ces pourcentages ci-dessous.
 
Statistiques - réponses
Pays % Correct
Indonésie
96%
Pays-Bas
91%
Belgique
90%
Brésil
88%
Afrique du Sud
84%
Etats-Unis
84%
Taïwan
84%
Suriname
81%
Inde
80%
Guyana
79%
Sri Lanka
78%
France
72%
Luxembourg
63%
Ghana
51%
Côte d'Ivoire
50%
Aucun quiz correspondant
Distribution des résultats
% des personnes avec chaque résultat
Percentile par nombre de réponses
Votre historique - résultats
Vous n’avez pas pris ce quiz